It's Like This, Cat / (Record no. 5408)

MARC details
000 -LEADER
fixed length control field 00923nam a22002777a 4500
001 - CONTROL NUMBER
control field 5408
003 - CONTROL NUMBER IDENTIFIER
control field FISKH
005 - DATE AND TIME OF LATEST TRANSACTION
control field 20241203150140.0
008 - FIXED-LENGTH DATA ELEMENTS--GENERAL INFORMATION
fixed length control field 241203b cb ||||| |||| 00| 0 eng d
020 ## - INTERNATIONAL STANDARD BOOK NUMBER
International Standard Book Number 0435121928
040 ## - CATALOGING SOURCE
Original cataloging agency FISKH
Language of cataloging eng
Transcribing agency FISKH
Modifying agency FISKH
050 ## - LIBRARY OF CONGRESS CALL NUMBER
Classification number PZ7.N462
082 ## - DEWEY DECIMAL CLASSIFICATION NUMBER
Classification number 813
100 ## - MAIN ENTRY--PERSONAL NAME
Personal name Neville, Emily
245 ## - TITLE STATEMENT
Title It's Like This, Cat /
Statement of responsibility, etc. by Emily Neville
260 ## - PUBLICATION, DISTRIBUTION, ETC.
Place of publication, distribution, etc. London :
Name of publisher, distributor, etc. Heinemann Educational Books ;
Date of publication, distribution, etc. 1963.
300 ## - PHYSICAL DESCRIPTION
Extent 179 pages :
Other physical details illustrations ;
Dimensions 20 cm .
505 ## - FORMATTED CONTENTS NOTE
Formatted contents note T <br/>
520 ## - SUMMARY, ETC.
Summary, etc. The story of a fourteen-year-old New York boy and his relationships with a stray tomcat, an eccentric old woman, a troubled older boy, the first girl with whom he has been friends, and his father.
521 8# - TARGET AUDIENCE NOTE
Target audience note 810 <br/>
Source Lexile <br/>
521 8# - TARGET AUDIENCE NOTE
Target audience note T <br/>
Source Raz-Plus <br/>
650 ## - SUBJECT ADDED ENTRY--TOPICAL TERM
Topical term or geographic name entry element young adult
Form subdivision Fiction
700 ## - ADDED ENTRY--PERSONAL NAME
Personal name Weiss, Emil
Relator term illustrator
942 ## - ADDED ENTRY ELEMENTS (KOHA)
Source of classification or shelving scheme Dewey Decimal Classification
Koha item type Books
Suppress in OPAC No
Holdings
Withdrawn status Lost status Source of classification or shelving scheme Damaged status Not for loan Collection Home library Current library Shelving location Date acquired Total Checkouts Full call number Barcode Date last seen Price effective from Koha item type
    Dewey Decimal Classification     Fiction Footprints International School Library Network Toul Kork Campus Footprints International School Library Network Toul Kork Campus TTP Secondary Fiction Bookshelves 12/03/2024   NEV 813 PZ7.N462 FIS00126 12/03/2024 12/03/2024 Books